00568nam a22001695i 450000100060000000300090000600500170001500700030003200800410003504000200007610000310009624501370012726000470026430000270031170000390033885200210037748148ES-MaACL20230906161713.0t|950706s1866 fr ||||1| fre d aCAM bspa cCAM1 aChanning, Williams Ellery.10aOeuvres sociales / cde W. E. Channing; prédédées d'un essai sur la vie et les doctrines de Channing... par Edouard Laboulaye. aParis : bCharpentier, c1866 (fBourdier) aLXV, 512 p. ; c18 cm.1 aLaboulaye, Édouard (d1811-1883) aES-MaACLjD-4905